000 00577cai a22001815a 4500
001 E151580
008 101122u xxk g 000 0 eng d
035 _a(Sirsi) u151580
041 0 _aeng
110 2 _aUniversity of Kent
_95900
245 0 0 _aLawlinks
_h[electronic resource]
520 _aA portal to various internet-based legal resources. Can be browsed by topic or jurisdiction.
590 _aKA
651 4 _aInternational
690 _aPROPERTY
856 4 0 _uhttps://www.kent.ac.uk/lawlinks/
_zView the website free of charge at www.kent.ac.uk/lawlinks
942 _n0
999 _c120887
_d120887